Statistiken für Bundesliga Spieler mit den meisten Einsätzen seit der Saison 2000/2001

Klicken Sie hier um das Quiz zu spielen!

Allgemein

  • Dieses Quiz wurde 163 mal gespielt
  • Das Durchschnittsergebnis liegt bei 28 aus 55

Antwortstatistiken

NationalitätVereineSpieleAntwort% Korrekt
DeutschlandSchalke
Bayern
478Manuel Neuer
99%
DeutschlandBayern441Thomas Müller
96%
PeruBremen
Bayern
Köln
465Claudio Pizarro
94%
DeutschlandDortmund
Bayern
416Mats Hummels
94%
PolenDortmund
Bayern
384Robert Lewandowski
94%
DeutschlandDortmund
Gladbach
364Marco Reus
89%
DeutschlandKarlsruhe
Hannover
Gladbach
375Lars Stindl
77%
DeutschlandStuttgart
Bayern
385Philipp Lahm
77%
DeutschlandBayern342Bastian Schweinsteiger
73%
ÖsterreichBayern
Hoffenheim
298David Alaba
71%
DeutschlandFreiburg
Hoffenheim
426Oliver Baumann
71%
DeutschlandDortmund
Freiburg
Gladbach
324Matthias Ginter
70%
DeutschlandBremen
Gladbach
St. Pauli
Freiburg
Wolfsburg
Union Berlin
307Max Kruse
70%
SchweizGladbach
Bayern
290Yann Sommer
69%
JapanFrankfurt
Nürnberg
Wolfsburg
375Makoto Hasebe
67%
DeutschlandHertha
Hamburg
Bayern
314Jerome Boateng
66%
DeutschlandNürnberg
Leverkusen
403Stefan Kießling
66%
DeutschlandStuttgart
Bayern
Wolfsburg
328Mario Gomez
65%
BosnienSchalke
Hertha
Stuttgart
Aachen
Hoffenheim
344Vedad Ibisevic
65%
DeutschlandBremen
Kaiserlautern
München
305Miroslav Klose
64%
TürkeiFrankfurt
Schalke
Kaiserslautern
Augsburg
351Halil Altintop
63%
BrasilienBremen
Schalke
Wolfsburg
358Naldo
62%
DeutschlandBremen
Bayern
Freiburg
Cottbus
295Nils Petersen
62%
DeutschlandFreiburg301Christian Günter
59%
DeutschlandWolfsburg316Maximilian Arnold
59%
DeutschlandDortmund
Kaiserslautern
355Roman Weidenfeller
53%
ItalienSchalke
Freiburg
Wolfsburg
Augsburg
372Daniel Caligiuri
52%
BrasilienHamburg
Bayern
Leverkusen
336Ze Roberto
52%
PolenHertha
Dortmund
332Łukasz Piszczek
51%
DeutschlandStuttgart
Wolfsburg
Union Berlin
430Christian Gentner
49%
DeutschlandDortmund
Stuttgart
Bielefeld
Leverkusen
421Gonzalo Castro
49%
BrasilienSchalke
Bayern
332Rafinha
49%
BrasilienSchalke
Hertha
Gladbach
290Raffael
46%
DeutschlandSchalke
Stuttgart
Bayern
Hoffenheim
357Sebastian Rudy
46%
DeutschlandBremen
Dortmund
Bayern
301Torsten Frings
44%
FrankreichFreiburg
Augsburg
Hoffenheim
299Jonathan Schmid
40%
DeutschlandBremen
Hamburg
Wolfsburg
304Aaron Hunt
39%
DeutschlandDortmund
Leverkusen
291Julian Brandt
39%
DeutschlandDortmund
Freiburg
314Sebastian Kehl
39%
GeorgienSchalke
Hertha
Freiburg
292Levan Kobiashvili
38%
DeutschlandGladbach342Patrick Hermann
38%
DeutschlandSchalke Pauli Fürth290Gerald Asamoah
34%
DeutschlandLeverkusen288Simon Rolfes
30%
DeutschlandHamburg
Bayern
Leverkusen
286Hans Jörg Butt
29%
DeutschlandNürnberg
Stuttgart
307Cacau
26%
TschechienHamburg
Nürnberg
Bayern
318David Jarolim
23%
DeutschlandBremen
Leverkusen
331Clemens Fritz
21%
DeutschlandBremen
Hannover
358Christian Schulz
20%
DeutschlandStuttgart
Hoffenheim
290Andreas Beck
16%
DeutschlandBremen
Köln
Bochum
Augsburg
Hoffenheim
303Kevin Vogt
16%
DeutschlandSchalke
Hamburg
Bielefeld
318Heiko Westermann
15%
DeutschlandFrankfurt
Wolfsburg
304Marco Russ
12%
DeutschlandNürnberg
Köln
Hannover
Leverkusen
Mainz
343Hanno Balitsch
11%
DeutschlandFrankfurt
Schalke
St. Pauli
Leverkusen
Union Berlin
304Bastian Oczipka
9%
DeutschlandFrankfurt
Schalke
Stuttgart
Hoffenheim
295Timo Hildebrandt
7%

Verteilung der Resultate

Perzentil nach korrekt beantworteten Fragen

Anzahl Personen mit jedem Resultat

Ihre Resultats-Entwicklung

Sie haben dieses Quiz noch nicht gespielt